| 000 | 00542nam a2200193Ia 4500 | ||
|---|---|---|---|
| 005 | 20250508151136.0 | ||
| 008 | 008 250505s9999 xx 000 0 eng d | ||
| 037 | _aTextual | ||
| 040 |
_aFEDL _beng _cFEDL |
||
| 041 |
_aeng _2eng |
||
| 084 |
_a050, RAJ _qFEDL |
||
| 100 |
_aSeth Kanwar Kishore _9758509 |
||
| 245 | 0 | _aRajdhani weekly supplement: Delhi State | |
| 260 |
_aDelhi, India _bMunicipal Press _c1953 |
||
| 300 | _a127p. | ||
| 650 |
_aSerial-Index _9758417 |
||
| 942 |
_cTEXL _h050, RAJ |
||
| 999 |
_c1327844 _d1327844 |
||